| 000 | 00333 a2200133 4500 | ||
|---|---|---|---|
| 001 | 48537 | ||
| 020 | _a9780194643771 | ||
| 040 | _cAnchieta - Bela Vista | ||
| 100 | _aQuinn, Robert | ||
| 240 | 1 | 0 |
_aYour five senses _leng |
| 245 | 1 | 0 | _aYour five senses |
| 650 | 4 | _aInglês básico aplicado, inclusive termos estrangeiros | |
| 942 | _cBK | ||
| 999 |
_c48537 _d48537 |
||